Religion Quiz

Random Religion or Church Quiz

In Which Bible Book Did This Happen? Quiz Stats

 Plays Quiz Updated Jul 22, 2017

Support Sporcle.
Go Orange.
Score 0/25 Timer 06:00
1 Play Today
% Correct
Genesis
77.3%
Genesis
69.8%
Exodus
69.5%
Genesis
66.8%
Exodus
66.2%
Genesis
64.1%
Exodus
61.9%
Exodus
61%
Genesis
55.4%
Leviticus
51%
Leviticus
49%
Deuteronomy
41.3%
Numbers
39.1%
% Correct
Exodus
36.2%
Leviticus
35.2%
Leviticus
31.6%
Deuteronomy
26.5%
Leviticus
25.8%
Deuteronomy
24.9%
Numbers
23.1%
Deuteronomy
18.1%
Numbers
15.3%
Numbers
14.5%
Numbers
13.4%
Deuteronomy
12.8%

You're not logged in!

Compare scores with friends on all Sporcle quizzes.
OR
Log In
Forgot?

From the Vault

One-Syllable Harry Potter

by lukebradford

Let's keep this wizard trivia concise.
Remove Ads.
Support Sporcle.
Get the best of Sporcle when you Go Orange. This ad-free experience offers more features, more stats, and more fun while also helping to support Sporcle. Thank you for becoming a member.

Show Comments

Extras

Top Quizzes Today


Score Distribution

Your Account Isn't Verified!

In order to create a playlist on Sporcle, you need to verify the email address you used during registration. Go to your Sporcle Settings to finish the process.

Report this User

Report this user for behavior that violates our Community Guidelines.

Details: